[Event "TUR Cup"]
[Site "Denizli"]
[Date "2023.07.19"]
[Round "6"]
[White "Metin, Mehmet"]
[Black "Ulupinar, Furkan"]
[Result "1-0"]
[WhiteElo "2156"]
[BlackElo "1605"]
[PlyCount "91"]
[EventDate "2023.07.16"]
[EventType "team-tourn"]
[EventRounds "9"]
[EventCountry "TUR"]
[SourceTitle "CBM 215 Extra"]
[Source "ChessBase"]
[SourceDate "2023.09.30"]
[SourceVersion "1"]
[SourceVersionDate "2023.09.30"]
[SourceQuality "1"]

1. e4 c5 2. b3 Nc6 3. Bb2 e5 4. Nf3 d6 5. Bb5 f5 6. exf5 Bxf5 7. 0-0 Be7 8. b4 Qb6 9. Nc3 0-0-0 10. bxc5 Qxc5 11. a4 Nf6 12. Ba3 Qb6 13. a5 Qc7 14. a6 b6 15. Bxc6 Qxc6 16. Nxe5 dxe5 17. Bxe7 Rd7 18. Bb4 Rhd8 19. Qe2 e4 20. Qb5 Qe6 21. Ne2 Ng4 22. Ra3 Rc7 23. Rc3 g5 24. Rxc7+ Kxc7 25. Bc3 Qd6 26. Ng3 Qd5 27. Qb4 Bg6 28. Re1 Re8 29. h3 Nh6 30. Nf1 Nf5 31. Ne3 Nxe3 32. dxe3 Bf7 33. Bd4 Qc4 34. Qa3 h5 35. Bf6 g4 36. hxg4 hxg4 37. Bh4 Qa2 38. Bg3+ Kc6 39. Qc3+ Qc4 40. Qf6+ Qe6 41. Qc3+ Qc4 42. Qg7 Qe6 43. Rd1 Rg8 44. Qd4 Qc4 45. Qd7+ Kc5 46. Bd6# 1-0

[Event "TUR-chT 2nd League"]
[Site "Konya"]
[Date "2019.07.26"]
[Round "7.1"]
[White "Isik, Alparslan"]
[Black "Metin, Mehmet"]
[Result "1/2-1/2"]
[WhiteElo "2293"]
[BlackElo "2150"]
[PlyCount "152"]
[EventDate "2019.07.22"]
[EventType "team-swiss"]
[EventRounds "9"]
[EventCountry "TUR"]
[SourceTitle "CBM 191 Extra"]
[Source "ChessBase"]
[SourceDate "2019.09.30"]
[SourceVersion "1"]
[SourceVersionDate "2019.09.30"]
[SourceQuality "1"]
[WhiteTeam "Apaydin Satranc Spor"]
[BlackTeam "Mercan Egitim"]
[WhiteTeamCountry "TUR"]
[BlackTeamCountry "TUR"]

1. d4 d5 2. c4 e6 3. Nf3 Nf6 4. g3 Be7 5. Bg2 0-0 6. 0-0 c5 7. cxd5 exd5 8. Nc3 Nc6 9. dxc5 Bxc5 10. a3 a5 11. Bg5 d4 12. Nb5 Qb6 13. Qd3 a4 14. Bf4 Ra5 15. Nc7 Be7 16. Qc4 Bd8 17. Bd6 Bxc7 18. Bxf8 Be6 19. Qd3 Kxf8 20. Rfd1 Rd5 21. Qc2 Qb3 22. Qxb3 axb3 23. Rac1 Rd7 24. Nd2 Rd6 25. Nc4 Rd7 26. Nd2 Na5 27. Rc5 Ke7 28. Nf3 Ne4 29. Rb5 Bc4 30. Rb4 Bxe2 31. Rdxd4 Bxf3 32. Rxd7+ Kxd7 33. Bxf3 Nc5 34. Rd4+ Ke7 35. Be2 Be5 36. Rd5 Bd6 37. f4 Ke6 38. Rd4 Nc6 39. Bc4+ Ke7 40. Rd2 f5 41. Kg2 h6 42. h4 g6 43. Kf3 Ne4 44. Rd5 Nc5 45. h5 gxh5 46. Rd2 b6 47. Bd5 Kd7 48. Ke3 Ne7 49. Bf7 h4 50. gxh4 Kc6 51. Kf3 Ne4 52. Rd3 Nc5 53. Rd2 Kc7 54. h5 Nc6 55. Ke3 Ne4 56. Rg2 Bc5+ 57. Kd3 Nf2+ 58. Kc4 Nh3 59. Rg6 Nxf4 60. Rxh6 Ne5+ 61. Kxb3 Nxf7 62. Rh7 Nxh5 63. Rxf7+ Kc6 64. Rxf5 Ng3 65. Rf6+ Bd6 66. Rg6 Nf5 67. Kc4 b5+ 68. Kd3 Ne7 69. Rh6 Nc8 70. Rg6 Nb6 71. Kc3 Na4+ 72. Kb3 Nc5+ 73. Kb4 Nd3+ 74. Ka5 Nxb2 75. Rxd6+ Kxd6 76. Kxb5 Kd5 1/2-1/2

[Event "TUR Cup"]
[Site "Antalya"]
[Date "2019.01.31"]
[Round "8"]
[White "Metin, Mehmet"]
[Black "Aydogdu, Selcan Ayberk"]
[Result "1-0"]
[WhiteElo "2197"]
[BlackElo "1631"]
[PlyCount "97"]
[EventDate "2019.01.27"]
[EventType "swiss"]
[EventRounds "11"]
[EventCountry "TUR"]
[SourceTitle "CBM 188 Extra"]
[Source "ChessBase"]
[SourceDate "2019.02.26"]
[SourceVersion "1"]
[SourceVersionDate "2019.02.26"]
[SourceQuality "1"]

1. Nf3 Nf6 2. g3 g6 3. Bg2 Bg7 4. 0-0 0-0 5. c4 d6 6. Nc3 Nbd7 7. d3 c6 8. Rb1 Qc7 9. b4 b6 10. b5 c5 11. Ne5 Bb7 12. Nxd7 Qxd7 13. Nd5 Nxd5 14. cxd5 e6 15. Qb3 exd5 16. Bxd5 Bxd5 17. Qxd5 Qe6 18. Qxe6 fxe6 19. Bb2 e5 20. f4 exf4 21. Rxf4 Bxb2 22. Rxb2 d5 23. e3 a6 24. bxa6 Rxa6 25. Kf2 Rfa8 26. Rf6 Rxa2 27. Rfxb6 Kf7 28. Kf3 h5 29. R2b5 Rd2 30. Rxc5 Rxd3 31. Rc7+ Kf8 32. Rf6+ Kg8 33. Rxg6+ Kf8 34. Rh6 Kg8 35. Rxh5 Re8 36. Kg2 Rexe3 37. Rg5+ Kh8 38. h4 d4 39. h5 Re6 40. Rd7 Rd2+ 41. Kh3 d3 42. Rgd5 Re3 43. Rb5 Re8 44. Rb3 Rd1 45. Rd5 d2 46. Rbd3 Re2 47. Kg4 Rg2 48. Kg5 Rdg1 49. Rd8+ 1-0

[Event "TUR Cup"]
[Site "Antalya"]
[Date "2019.01.30"]
[Round "6"]
[White "Metin, Mehmet"]
[Black "Karakurt, Fahri"]
[Result "1/2-1/2"]
[WhiteElo "2197"]
[BlackElo "1914"]
[PlyCount "123"]
[EventDate "2019.01.27"]
[EventType "swiss"]
[EventRounds "11"]
[EventCountry "TUR"]
[SourceTitle "CBM 188 Extra"]
[Source "ChessBase"]
[SourceDate "2019.02.26"]
[SourceVersion "1"]
[SourceVersionDate "2019.02.26"]
[SourceQuality "1"]

1. e4 c5 2. Nf3 d6 3. d4 cxd4 4. Nxd4 Nf6 5. Nc3 a6 6. Bg5 e6 7. Bc4 h6 8. Bxf6 Qxf6 9. 0-0 Nc6 10. Nxc6 bxc6 11. f4 d5 12. exd5 cxd5 13. Bxd5 exd5 14. Re1+ Be6 15. Qxd5 Rc8 16. f5 Bc5+ 17. Kh1 0-0 18. fxe6 fxe6 19. Qxe6+ Qxe6 20. Rxe6 Rf2 21. Re2 Rcf8 22. Rxf2 Rxf2 23. Ne4 Rxc2 24. Nxc5 Rxc5 25. b4 Rc2 26. a3 Kf7 27. h3 Ke6 28. Re1+ Kf6 29. Rd1 Ke6 30. Rd3 Ra2 31. Kh2 Ke5 32. h4 g6 33. Rg3 Kf5 34. Rc3 Kg4 35. Rc4+ Kh5 36. Rc5+ Kxh4 37. Ra5 g5 38. Rxa6 h5 39. b5 g4 40. Ra4 Kg5 41. Rb4 h4 42. Rb1 Rxa3 43. b6 Ra8 44. b7 Rb8 45. Rb5+ Kf4 46. Rb4+ Kg5 47. Kg1 h3 48. g3 Kh5 49. Rb5+ Kh6 50. Kf2 Kg6 51. Rb1 Kf5 52. Rb4 Kg5 53. Rb5+ Kg6 54. Kg1 Kh6 55. Rb2 Kg5 56. Kf2 Kf5 57. Ke3 h2 58. Rxh2 Rxb7 59. Rh5+ Kg6 60. Re5 Rf7 61. Re6+ Kg5 62. Ke4 1/2-1/2

[Event "TUR Cup"]
[Site "Antalya"]
[Date "2019.01.28"]
[Round "2"]
[White "Metin, Mehmet"]
[Black "Cam, Vedat"]
[Result "1/2-1/2"]
[WhiteElo "2197"]
[BlackElo "1882"]
[PlyCount "100"]
[EventDate "2019.01.27"]
[EventType "swiss"]
[EventRounds "11"]
[EventCountry "TUR"]
[SourceTitle "CBM 188 Extra"]
[Source "ChessBase"]
[SourceDate "2019.02.26"]
[SourceVersion "1"]
[SourceVersionDate "2019.02.26"]
[SourceQuality "1"]

1. Nf3 g6 2. c4 Bg7 3. d4 d6 4. g3 Nf6 5. Bg2 0-0 6. 0-0 c6 7. Nc3 Qc7 8. h3 e5 9. e4 h6 10. Be3 Nbd7 11. b3 Kh7 12. Qd2 Re8 13. Rad1 b6 14. Rfe1 Bf8 15. Nh2 Bb7 16. f4 Rad8 17. Ng4 Ng8 18. h4 h5 19. Nh2 Ndf6 20. Bh3 Bc8 21. f5 gxf5 22. exf5 exd4 23. Bxd4 d5 24. Rxe8 Qxg3+ 25. Qg2 Qxg2+ 26. Kxg2 Rxe8 27. cxd5 Nxd5 28. Nxd5 cxd5 29. Nf3 f6 30. Rc1 Bd6 31. Rc6 Rd8 32. Rc1 Re8 33. Kf2 Bd7 34. Rg1 Re4 35. Bf1 Bxf5 36. Bd3 Rf4 37. Bxf5+ Rxf5 38. Re1 Bc5 39. Bxc5 bxc5 40. Kg3 d4 41. Re6 Rd5 42. Ra6 Rd7 43. Rc6 Ne7 44. Rxc5 Kg6 45. Kf4 Nd5+ 46. Ke4 Nc3+ 47. Kd3 Nxa2 48. Nxd4 Nb4+ 49. Kc4 Na6 50. Ra5 Nc7 1/2-1/2

[Event "TUR Cup"]
[Site "Antalya"]
[Date "2019.01.27"]
[Round "1"]
[White "Temel, Mustafa"]
[Black "Metin, Mehmet"]
[Result "0-1"]
[WhiteElo "1621"]
[BlackElo "2197"]
[PlyCount "94"]
[EventDate "2019.01.27"]
[EventType "swiss"]
[EventRounds "11"]
[EventCountry "TUR"]
[SourceTitle "CBM 188 Extra"]
[Source "ChessBase"]
[SourceDate "2019.02.26"]
[SourceVersion "1"]
[SourceVersionDate "2019.02.26"]
[SourceQuality "1"]

1. Nf3 c5 2. c4 Nc6 3. d4 cxd4 4. Nxd4 g6 5. Nc3 Bg7 6. Nc2 Nf6 7. e4 d6 8. Be3 Ng4 9. Be2 Nxe3 10. Nxe3 0-0 11. 0-0 Be6 12. Rb1 a5 13. Kh1 Qb6 14. Ned5 Bxd5 15. Na4 Qd4 16. exd5 Qxd1 17. Rfxd1 Ne5 18. Nb6 Rad8 19. b4 axb4 20. Rxb4 Nd7 21. Na4 Ra8 22. Rxb7 Rxa4 23. Rxd7 Bf6 24. Rd2 Rfa8 25. g3 Rxa2 26. Rd8+ Kg7 27. Rxa8 Rxd2 28. Bg4 h5 29. Bd7 Rxf2 30. Ra3 Rc2 31. Bb5 g5 32. Rd3 Be5 33. Kg1 h4 34. gxh4 Bxh2+ 35. Kh1 gxh4 36. Rd4 Bg3 37. Ba4 Rh2+ 38. Kg1 Ra2 39. Rg4+ Kf6 40. Bd7 Ra7 41. Bc6 Kf5 42. Rg7 f6 43. Kg2 Kf4 44. c5 Ra2+ 45. Kg1 Kf3 46. Bb5 h3 47. cxd6 Ra1+ 0-1

[Event "Kesan op 16th"]
[Site "Kesan"]
[Date "2018.08.14"]
[Round "5"]
[White "Cirit, Ugur"]
[Black "Metin, Mehmet"]
[Result "0-1"]
[WhiteElo "1403"]
[BlackElo "2190"]
[PlyCount "136"]
[EventDate "2018.08.12"]
[EventType "swiss"]
[EventRounds "9"]
[EventCountry "TUR"]
[SourceTitle "CBM 186 Extra"]
[Source "ChessBase"]
[SourceDate "2018.08.24"]
[SourceVersion "1"]
[SourceVersionDate "2018.08.24"]
[SourceQuality "1"]

1. Nf3 c5 2. c4 Nc6 3. Nc3 g6 4. g3 Bg7 5. Bg2 e5 6. d3 Nge7 7. 0-0 0-0 8. e4 d6 9. a3 h6 10. Rb1 a5 11. Be3 f5 12. Qc1 Kh7 13. Ne1 Nd4 14. Bxd4 cxd4 15. Nd5 f4 16. b4 Nxd5 17. cxd5 a4 18. Nf3 Bg4 19. Rb2 g5 20. h3 Bd7 21. g4 Bb5 22. Rd1 Rc8 23. Rc2 Qd7 24. Bf1 Rxc2 25. Qxc2 Rc8 26. Qb2 Qc7 27. Ne1 Kg6 28. Be2 f3 29. Bxf3 Qc3 30. Qa2 Bf6 31. Kf1 Bd8 32. Be2 Bb6 33. Rd2 Qb3 34. Rb2 Qc3 35. Rc2 Qb3 36. Rb2 Qxa2 37. Rxa2 Rc1 38. f3 Kf7 39. Kf2 Ke7 40. Kf1 Kd7 41. Kf2 Rb1 42. Kf1 Rb3 43. Kf2 Rb1 44. Kf1 Ba6 45. Kf2 Ba7 46. Kf1 b5 47. Kf2 Bb6 48. Kf1 Bc5 49. bxc5 dxc5 50. Kf2 Kd6 51. Nc2 Bc8 52. Ra1 Rb2 53. Rc1 Bd7 54. Ke1 b4 55. axb4 cxb4 56. Nxb4 Rxb4 57. Ra1 Kc5 58. Kd1 Rb2 59. Ke1 Kb4 60. Bd1 a3 61. Kf1 a2 62. Rc1 Rb1 63. Rc4+ Ka3 64. Ke1 a1Q 65. Ra4+ Bxa4 66. Kf2 Rxd1 67. d6 Qb2+ 68. Kg3 Rg1# 0-1

[Event "Kesan op 16th"]
[Site "Kesan"]
[Date "2018.08.13"]
[Round "3"]
[White "Metin, Mehmet"]
[Black "Alumert, Orkun Efe"]
[Result "1-0"]
[WhiteElo "2190"]
[BlackElo "1764"]
[PlyCount "69"]
[EventDate "2018.08.12"]
[EventType "swiss"]
[EventRounds "9"]
[EventCountry "TUR"]
[SourceTitle "CBM 186 Extra"]
[Source "ChessBase"]
[SourceDate "2018.08.24"]
[SourceVersion "1"]
[SourceVersionDate "2018.08.24"]
[SourceQuality "1"]

1. Nf3 d5 2. c4 c6 3. g3 Nf6 4. Bg2 Bf5 5. 0-0 h6 6. Qb3 Qb6 7. d3 Qxb3 8. axb3 e6 9. Nc3 Nbd7 10. cxd5 exd5 11. e4 dxe4 12. dxe4 Be6 13. Nd4 Bc5 14. Nxe6 fxe6 15. Bh3 Ke7 16. Kh1 e5 17. f4 Rhf8 18. Bd2 a6 19. Na4 Bd6 20. Rae1 Rad8 21. Ba5 Rde8 22. Nb6 Nxb6 23. Bxb6 g5 24. fxe5 Bxe5 25. Rd1 Kf7 26. Bc5 Rg8 27. Rd7+ Kg6 28. Bf5+ Kh5 29. g4+ Nxg4 30. Rf3 Kh4 31. Kg2 Ne3+ 32. Rxe3 g4 33. Rxb7 Bf4 34. Rd3 Rgf8 35. Be7+ 1-0

[Event "TUR-chT 2nd League"]
[Site "Konya"]
[Date "2018.07.19"]
[Round "6.1"]
[White "Metin, Mehmet"]
[Black "Ozsakallioglu, Akin"]
[Result "0-1"]
[WhiteElo "2203"]
[BlackElo "1884"]
[PlyCount "112"]
[EventDate "2018.07.16"]
[EventType "team-swiss"]
[EventRounds "9"]
[EventCountry "TUR"]
[SourceTitle "EXT 2019"]
[Source "ChessBase"]
[SourceDate "2018.10.10"]
[SourceVersion "1"]
[SourceVersionDate "2018.10.10"]
[SourceQuality "1"]
[WhiteTeam "Ankara DSI Genclik"]
[BlackTeam "Koroglu Dernegi"]
[WhiteTeamCountry "TUR"]
[BlackTeamCountry "TUR"]

1. Nf3 Nf6 2. c4 e6 3. Nc3 d5 4. d4 b6 5. cxd5 exd5 6. Bg5 Be7 7. e3 Bb7 8. Bd3 Ne4 9. Bxe7 Qxe7 10. Qb3 c6 11. Qc2 f5 12. Ne5 0-0 13. g4 Nd7 14. Nxd7 Qxd7 15. 0-0-0 Rae8 16. Rhg1 fxg4 17. Nxe4 dxe4 18. Bxe4 h6 19. Bg6 Rd8 20. Rd2 Qe6 21. Qb3 Qxb3 22. axb3 Bc8 23. Be4 Rd6 24. Kd1 a5 25. Rc2 c5 26. d5 Re8 27. Bh1 Re5 28. Rd2 Bf5 29. Ke2 Kf7 30. f3 gxf3+ 31. Bxf3 g6 32. Rc1 Ke7 33. Rc4 Rd8 34. e4 Kd6 35. Kf2 b5 36. exf5 bxc4 37. fxg6 cxb3 38. h4 h5 39. Rd1 c4 40. Ra1 Ra8 41. g7 Ree8 42. Rg1 c3 43. bxc3 b2 44. Rg6+ Ke5 45. g8Q Rxg8 46. Re6+ Kf5 47. Be4+ Kg4 48. c4 Rac8 49. Rb6 Rb8 50. Ra6 b1Q 51. Bxb1 Rxb1 52. Rxa5 Rc8 53. c5 Kf4 54. d6 Rc1 55. d7 Rd8 56. c6 Rxc6 0-1

[Event "TUR-chT 2nd League"]
[Site "Konya"]
[Date "2018.07.17"]
[Round "2.1"]
[White "Metin, Mehmet"]
[Black "Kucumenler, Tarkan"]
[Result "1/2-1/2"]
[WhiteElo "2203"]
[BlackElo "2026"]
[PlyCount "99"]
[EventDate "2018.07.16"]
[EventType "team-swiss"]
[EventRounds "9"]
[EventCountry "TUR"]
[SourceTitle "EXT 2019"]
[Source "ChessBase"]
[SourceDate "2018.10.10"]
[SourceVersion "1"]
[SourceVersionDate "2018.10.10"]
[SourceQuality "1"]
[WhiteTeam "Ankara DSI Genclik"]
[BlackTeam "Kocaeli Buyuksehir Belediyesi"]
[WhiteTeamCountry "TUR"]
[BlackTeamCountry "TUR"]

1. Nf3 c5 2. c4 g6 3. d4 cxd4 4. Nxd4 Bg7 5. e4 Nc6 6. Be3 Qb6 7. Nb3 Qc7 8. Qd2 d6 9. Nc3 Nf6 10. Be2 0-0 11. 0-0 Ne5 12. Nd5 Nxd5 13. cxd5 Bd7 14. Rac1 Qb8 15. h3 b5 16. Na5 f5 17. f4 Nc4 18. Nxc4 bxc4 19. Rxc4 Qxb2 20. Qxb2 Bxb2 21. Rc7 Rfd8 22. exf5 Bxf5 23. g4 Be4 24. Bf3 Bxf3 25. Rxf3 Re8 26. Rf2 Bf6 27. g5 Bg7 28. Rxa7 Rxa7 29. Bxa7 Ra8 30. Be3 Ra3 31. Re2 Rd3 32. Kf2 Rxd5 33. a4 Bc3 34. Rc2 Ba5 35. Rc8+ Kf7 36. Ke2 Bb4 37. Rb8 Bc5 38. Bd2 Rd4 39. a5 Ra4 40. h4 Ra3 41. Rh8 Kg7 42. Ra8 Bd4 43. a6 Kf7 44. Bc1 Ra1 45. Kd2 Ke6 46. Kc2 Kd5 47. Re8 Ke6 48. Kd3 Kd5 49. Kc2 Ke6 50. Kd3 1/2-1/2

[Event "TUR Cup										"]
[Site "Antalya"]
[Date "2018.02.01"]
[Round "8"]
[White "Sevgi, Volkan"]
[Black "Metin, Mehmet"]
[Result "1-0"]
[WhiteElo "2264"]
[BlackElo "2170"]
[PlyCount "91"]
[EventDate "2018.01.27"]
[EventType "swiss"]
[EventRounds "11"]
[EventCountry "TUR"]
[SourceTitle "CBM 182 Extra"]
[Source "ChessBase"]
[SourceDate "2018.02.23"]
[SourceVersion "1"]
[SourceVersionDate "2018.02.23"]
[SourceQuality "1"]

1. d4 c5 2. e3 Nf6 3. Nf3 d5 4. c3 e6 5. Bd3 Nc6 6. Nbd2 Bd6 7. 0-0 0-0 8. dxc5 Bxc5 9. e4 e5 10. exd5 Qxd5 11. Qc2 h6 12. Ne4 Be7 13. Rd1 Qa5 14. b4 Qc7 15. Qe2 Nd5 16. a3 Be6 17. c4 Nf4 18. Bxf4 exf4 19. Nc3 Bf6 20. Nb5 Qb8 21. Rac1 Ne5 22. Nd6 Nxd3 23. Qxd3 b6 24. c5 bxc5 25. bxc5 Rd8 26. Nd4 Bxd4 27. Qxd4 f3 28. gxf3 Qc7 29. f4 Rab8 30. Qe5 Bb3 31. Rd3 f6 32. Qd4 Bf7 33. Rg3 Kh8 34. f5 Bg8 35. Qe3 Kh7 36. Re1 Rb3 37. Qe7 Rxg3+ 38. hxg3 Rd7 39. Qe8 Rd8 40. Qg6+ Kh8 41. Ne8 Qf7 42. c6 Qxg6 43. fxg6 Rc8 44. c7 Bd5 45. Nd6 Rxc7 46. Re8+ 1-0

[Event "TUR Cup										"]
[Site "Antalya"]
[Date "2018.01.28"]
[Round "2"]
[White "Ozguner, Hakki Ata"]
[Black "Metin, Mehmet"]
[Result "0-1"]
[WhiteElo "1821"]
[BlackElo "2170"]
[PlyCount "116"]
[EventDate "2018.01.27"]
[EventType "swiss"]
[EventRounds "11"]
[EventCountry "TUR"]
[SourceTitle "CBM 182 Extra"]
[Source "ChessBase"]
[SourceDate "2018.02.23"]
[SourceVersion "1"]
[SourceVersionDate "2018.02.23"]
[SourceQuality "1"]

1. e4 e5 2. Nf3 d6 3. d4 Nd7 4. Nc3 Be7 5. Bc4 c6 6. a4 Ngf6 7. 0-0 0-0 8. h3 b6 9. Qe2 Bb7 10. d5 cxd5 11. exd5 h6 12. Ne1 Re8 13. Nd3 Rc8 14. b3 Nc5 15. Bd2 Nxd3 16. Qxd3 Nd7 17. a5 Rb8 18. b4 Rf8 19. axb6 axb6 20. Qf5 g6 21. Qd3 Kg7 22. Nb5 f5 23. Bc3 Nf6 24. f4 Ne4 25. fxe5 Nxc3 26. exd6 Bf6 27. Nxc3 Qxd6 28. Rab1 Rfc8 29. Nb5 Qd7 30. Nd4 Kh7 31. Ne6 Rxc4 32. Qxc4 Bxd5 33. Qc7 Qxc7 34. Nxc7 Be4 35. Rbd1 h5 36. Rd7+ Kh6 37. c4 Rc8 38. Rc1 Bb2 39. Re1 Be5 40. Ne6 Rxc4 41. h4 Bg3 42. Rd8 g5 43. hxg5+ Kg6 44. Red1 Rxb4 45. R8d7 h4 46. R7d4 Rb3 47. Rd7 Rb2 48. R7d2 Rb4 49. Rd4 Rb2 50. R4d2 Rb3 51. Rd7 Be5 52. R7d2 Rc3 53. Rd7 b5 54. R7d2 b4 55. Nf8+ Kxg5 56. Nd7 Bf4 57. Rb2 b3 58. Nf8 Bc1 0-1

[Event "Enez op"]
[Site "Enez"]
[Date "2018.??.??"]
[Round "8"]
[White "Bogdanov, Egor"]
[Black "Metin, Mehmet"]
[Result "1-0"]
[WhiteElo "2332"]
[BlackElo "2170"]
[PlyCount "55"]
[EventDate "2018.09.15"]
[EventType "swiss"]
[EventRounds "9"]
[EventCountry "TUR"]
[SourceTitle "EXT 2019"]
[Source "ChessBase"]
[SourceDate "2018.10.10"]
[SourceVersion "1"]
[SourceVersionDate "2018.10.10"]
[SourceQuality "1"]

1. e4 c5 2. c3 Nf6 3. e5 Nd5 4. d4 cxd4 5. Nf3 Nc6 6. cxd4 d6 7. Bc4 e6 8. 0-0 Be7 9. Qe2 0-0 10. Nc3 Nxc3 11. bxc3 dxe5 12. dxe5 Qc7 13. Bd3 b6 14. Re1 Bb7 15. Ng5 Bxg5 16. Bxg5 Ne7 17. Qh5 Ng6 18. Re3 Qxc3 19. Rae1 Qa5 20. Rd1 Qd5 21. Bf1 Qc6 22. Rd6 Qc5 23. Rh3 h6 24. Bxh6 gxh6 25. Rxe6 Be4 26. Qxh6 Qxf2+ 27. Kxf2 fxe6+ 28. Ke3 1-0

[Event "Enez op"]
[Site "Enez"]
[Date "2018.??.??"]
[Round "3"]
[White "Koutlas, Nikolaos"]
[Black "Metin, Mehmet"]
[Result "0-1"]
[WhiteElo "1677"]
[BlackElo "2170"]
[PlyCount "38"]
[EventDate "2018.09.15"]
[EventType "swiss"]
[EventRounds "9"]
[EventCountry "TUR"]
[SourceTitle "EXT 2019"]
[Source "ChessBase"]
[SourceDate "2018.10.10"]
[SourceVersion "1"]
[SourceVersionDate "2018.10.10"]
[SourceQuality "1"]

1. c4 c5 2. Nc3 Nc6 3. e3 Nf6 4. d4 cxd4 5. exd4 d5 6. Nf3 Bg4 7. cxd5 Nxd5 8. Bc4 e6 9. Nxd5 exd5 10. Be2 Bxf3 11. Bxf3 Bb4+ 12. Kf1 0-0 13. g3 Be7 14. Be3 Bf6 15. Qb3 Bxd4 16. Qxb7 Qf6 17. Kg2 Bxe3 18. Rhf1 Rab8 19. Qd7 Qxf3+ 0-1

[Event "Enez op"]
[Site "Enez"]
[Date "2018.??.??"]
[Round "2"]
[White "Metin, Mehmet"]
[Black "Catak, Ayhan"]
[Result "1-0"]
[WhiteElo "2170"]
[BlackElo "1381"]
[PlyCount "51"]
[EventDate "2018.09.15"]
[EventType "swiss"]
[EventRounds "9"]
[EventCountry "TUR"]
[SourceTitle "EXT 2019"]
[Source "ChessBase"]
[SourceDate "2018.10.10"]
[SourceVersion "1"]
[SourceVersionDate "2018.10.10"]
[SourceQuality "1"]

1. e4 c5 2. Nf3 d6 3. c4 Nf6 4. Nc3 e6 5. d4 cxd4 6. Nxd4 Be7 7. Be2 Nc6 8. 0-0 0-0 9. Be3 Nxd4 10. Qxd4 e5 11. Qd2 Be6 12. Rfd1 a6 13. f3 Qd7 14. b3 Kh8 15. Na4 Rae8 16. Rac1 Qc6 17. Bf1 Nd7 18. Nc3 f5 19. exf5 Bxf5 20. Nd5 e4 21. fxe4 Bxe4 22. Nxe7 Rxe7 23. Qxd6 Qxd6 24. Rxd6 Ref7 25. Bd4 Rf5 26. Rxd7 1-0

[Event "TUR-chT2"]
[Site "Konya"]
[Date "2017.07.12"]
[Round "6.1"]
[White "Akkus, Suat"]
[Black "Metin, Mehmet"]
[Result "0-1"]
[WhiteElo "2010"]
[BlackElo "2168"]
[PlyCount "98"]
[EventDate "2017.07.09"]
[EventType "team-swiss"]
[EventRounds "9"]
[EventCountry "TUR"]
[SourceTitle "CBM 179 Extra"]
[Source "ChessBase"]
[SourceDate "2017.08.23"]
[SourceVersion "1"]
[SourceVersionDate "2017.08.23"]
[SourceQuality "1"]
[WhiteTeam "Onay"]
[BlackTeam "Ankara DSI Genclik"]
[WhiteTeamCountry "TUR"]
[BlackTeamCountry "TUR"]

1. d4 d6 2. c4 e5 3. dxe5 dxe5 4. Qxd8+ Kxd8 5. Nf3 f6 6. Nc3 Be6 7. e4 Bc5 8. Na4 Bb4+ 9. Bd2 Bxd2+ 10. Kxd2 Nc6 11. Kc3 Ke7 12. Rd1 Nh6 13. h3 Rad8 14. Be2 Nf7 15. Rxd8 Rxd8 16. Rd1 Nd6 17. Nd2 Nd4 18. Bd3 b6 19. b3 Nb7 20. Kb2 c6 21. Nb1 g5 22. Nbc3 h6 23. Ne2 Nxe2 24. Bxe2 Rd4 25. Rxd4 exd4 26. Kc2 c5 27. Nb2 Nd6 28. Bd3 Bd7 29. Kd2 Bc6 30. f3 Nf7 31. Bf1 h5 32. Ke2 Ne5 33. Nd3 Nxd3 34. Kxd3 h4 35. Kd2 Kd6 36. Bd3 Ke5 37. Ke2 Kf4 38. Kf2 Be8 39. Bf1 Bg6 40. Bd3 f5 41. e5 Kxe5 42. Ke2 Kf4 43. Kf2 Be8 44. Be2 Bd7 45. Bf1 g4 46. Bd3 gxf3 47. gxf3 Bc6 48. Be2 a5 49. a4 Bb7 0-1

[Event "TUR-chT2"]
[Site "Konya"]
[Date "2016.07.21"]
[Round "7.3"]
[White "Tuna, Alp"]
[Black "Metin, Mehmet"]
[Result "1/2-1/2"]
[WhiteElo "2105"]
[BlackElo "2147"]
[PlyCount "65"]
[EventDate "2016.07.17"]
[EventType "team-swiss"]
[EventRounds "9"]
[EventCountry "TUR"]
[SourceTitle "CBM 173 Extra"]
[Source "ChessBase"]
[SourceDate "2016.08.29"]
[SourceVersion "1"]
[SourceVersionDate "2016.08.29"]
[SourceQuality "1"]
[WhiteTeam "Izmir Karsiyaka"]
[BlackTeam "Burdur Callica"]
[WhiteTeamCountry "TUR"]
[BlackTeamCountry "TUR"]

1. e4 c5 2. Nf3 Nc6 3. Bb5 g6 4. 0-0 Nf6 5. Re1 Bg7 6. c3 0-0 7. h3 a6 8. Bxc6 bxc6 9. d4 cxd4 10. cxd4 Rb8 11. Nc3 d6 12. b3 Nd7 13. Bb2 Bb7 14. Rc1 c5 15. Na4 Bc6 16. dxc5 Bxb2 17. Nxb2 Nxc5 18. Nd3 Bxe4 19. Nxc5 Bxf3 20. Qxf3 dxc5 21. Rxc5 Rb6 22. Rd1 Qb8 23. Rc6 Rc8 24. Rdc1 Rbxc6 25. Rxc6 a5 26. Qg3 Qb7 27. Rxc8+ Qxc8 28. Qe5 Qc1+ 29. Kh2 Qd2 30. Qb8+ Kg7 31. Qe5+ Kg8 32. Qb8+ Kg7 33. Qe5+ 1/2-1/2

[Event "Manavgat Turkey Cup"]
[Site "Manavgat"]
[Date "2016.02.05"]
[Round "10"]
[White "Metin, Mehmet"]
[Black "Aydin, Hasan Bora"]
[Result "1-0"]
[WhiteElo "2149"]
[BlackElo "1956"]
[PlyCount "85"]
[EventDate "2016.01.30"]
[EventType "swiss"]
[EventRounds "11"]
[EventCountry "TUR"]
[SourceTitle "CBM 170 Extra"]
[Source "ChessBase"]
[SourceDate "2016.02.25"]
[SourceVersion "1"]
[SourceVersionDate "2016.02.25"]
[SourceQuality "1"]

1. e4 c5 2. Nf3 d6 3. c3 Nf6 4. Be2 g6 5. 0-0 Bg7 6. h3 0-0 7. d3 a6 8. a4 Nc6 9. Be3 Qc7 10. Nbd2 Rb8 11. d4 cxd4 12. cxd4 d5 13. e5 Ne4 14. Nxe4 dxe4 15. Ng5 Nxe5 16. dxe5 Qxe5 17. Rc1 b6 18. Qd2 Bb7 19. Bf4 Qxb2 20. Qxb2 Bxb2 21. Rb1 e5 22. Rxb2 exf4 23. Rxb6 Bd5 24. Rxb8 Rxb8 25. Rd1 Bc6 26. Rd6 Bxa4 27. Nxe4 Bb5 28. Bxb5 axb5 29. Rd3 Kg7 30. Rb3 b4 31. Nc5 g5 32. Nd3 Rd8 33. Kf1 f5 34. Ke2 Kf6 35. Rxb4 Rd6 36. Ra4 h5 37. f3 Rc6 38. h4 Rc2+ 39. Kf1 gxh4 40. Nxf4 Rb2 41. Nh3 Rc2 42. Rxh4 Kg6 43. Rb4 1-0

[Event "Manavgat Turkey Cup"]
[Site "Manavgat"]
[Date "2016.02.04"]
[Round "9"]
[White "Kesgin, Halit Kaan"]
[Black "Metin, Mehmet"]
[Result "1/2-1/2"]
[WhiteElo "1893"]
[BlackElo "2149"]
[PlyCount "79"]
[EventDate "2016.01.30"]
[EventType "swiss"]
[EventRounds "11"]
[EventCountry "TUR"]
[SourceTitle "CBM 170 Extra"]
[Source "ChessBase"]
[SourceDate "2016.02.25"]
[SourceVersion "1"]
[SourceVersionDate "2016.02.25"]
[SourceQuality "1"]

1. e4 e6 2. d4 d5 3. Nd2 dxe4 4. Nxe4 Bd7 5. Nf3 Bc6 6. Bd3 Nd7 7. Qe2 Ngf6 8. 0-0 Nxe4 9. Bxe4 Bxe4 10. Qxe4 c6 11. b3 Be7 12. Bb2 0-0 13. c4 Qa5 14. a3 Nf6 15. Qc2 Qh5 16. Rfe1 Rad8 17. Rad1 Rfe8 18. Ne5 c5 19. dxc5 Bxc5 20. b4 Bb6 21. Nf3 Bc7 22. Bxf6 gxf6 23. Qe4 Bxh2+ 24. Kf1 Be5 25. Rxd8 Rxd8 26. Qxb7 Bc3 27. Qc7 Rd3 28. Qg3+ Kf8 29. Qb8+ Kg7 30. Qg3+ Kf8 31. Qb8+ Ke7 32. Rc1 Rxf3 33. Qxa7+ Kf8 34. Qa8+ Kg7 35. Qxf3 Qh1+ 36. Ke2 Qxc1 37. Qg3+ Kf8 38. Qb8+ Kg7 39. Qg3+ Kf8 40. Qb8+ 1/2-1/2